Judicial remedies in public law / (Record no. 4309)

MARC details
000 -LEADER
fixed length control field 00745cam a22002292 4500
001 - CONTROL NUMBER
control field 0000021407
005 - DATE AND TIME OF LATEST TRANSACTION
control field 20151217145936.0
008 - FIXED-LENGTH DATA ELEMENTS--GENERAL INFORMATION
fixed length control field 120424s xx 000 0 eng d
020 ## - INTERNATIONAL STANDARD BOOK NUMBER
International Standard Book Number 1847032218
040 ## - CATALOGING SOURCE
Original cataloging agency KABU
Transcribing agency KABU
100 1# - MAIN ENTRY--PERSONAL NAME
Personal name Lewis, Clive.
-- 0000182238
245 10 - TITLE STATEMENT
Title Judicial remedies in public law /
Statement of responsibility, etc. Clive Lewis.
250 ## - EDITION STATEMENT
Edition statement 4th ed.
260 ## - PUBLICATION, DISTRIBUTION, ETC. (IMPRINT)
Place of publication, distribution, etc. London :
Name of publisher, distributor, etc. Thomson Reuters,
Date of publication, distribution, etc. 2009.
300 ## - PHYSICAL DESCRIPTION
Extent clxxxii, 738 p.
650 #0 - SUBJECT ADDED ENTRY--TOPICAL TERM
Topical term or geographic name as entry element Public law
Geographic subdivision Great Britain.
-- 0000182239
650 #0 - SUBJECT ADDED ENTRY--TOPICAL TERM
Topical term or geographic name as entry element Administrative remedies
Geographic subdivision Great Britain.
-- 0000182240
650 #0 - SUBJECT ADDED ENTRY--TOPICAL TERM
Topical term or geographic name as entry element Judicial review of administrative acts
Geographic subdivision Great Britain.
-- 0000167934
852 1# - LOCATION
-- p45,600 KES
908 ## - PUT COMMAND PARAMETER (RLIN)
Put command parameter 120424
950 ## - LOCAL HOLDINGS (RLIN)
-- 1
Holdings
Withdrawn status Lost status Source of classification or shelving scheme Not for loan Home library Current library Date acquired Total Checkouts Full call number Barcode Date last seen Date last checked out Price effective from Koha item type
    Library of Congress Classification   Kabarak, Main Campus Kabarak, Main Campus 17/12/2015 3 KD4902 .L49 2009 c.1 21080 19/03/2021 04/03/2021 17/12/2015 General Collection
Designed with assistance from East African Informatics Ltd